| 000 | 00694nam a2200241Ia 4500 | ||
|---|---|---|---|
| 008 | 160803s9999 xx 000 0 und d | ||
| 020 | _a0516261118 (pbk.) | ||
| 100 | _aPeterson, David | ||
| 245 | _aPetrified Forest National Park / | ||
| 245 | _cby David Petersen. | ||
| 260 | _aNew York : | ||
| 260 | _bScholastic Inc. | ||
| 260 | _c1996 | ||
| 300 | _a48 pages : | ||
| 300 | _billustrations (some color), color map ; | ||
| 300 | _c22 cm. | ||
| 440 | _aA true book. | ||
| 650 | _aNational parks and reserves. | ||
| 650 | _aPetrified Forest National Park (Ariz.) | ||
| 650 | _aPetrified Forest National Park (Ariz.) -- | ||
| 650 | _xJuvenile literature. | ||
| 700 | _a890 | ||
| 999 |
_c299154 _d299154 |
||